Countries With Only One Y - Statistics

General Stats
  • This quiz has been taken 89 times
    79 since last reset
  • The average score is 13 of 19
Answer Stats
Continent Country % Correct
Europe Italy
92%
Europe Germany
88%
Asia Yemen
88%
South America Paraguay
86%
South America Uruguay
85%
Europe Hungary
80%
Asia Turkey
80%
South America Guyana
77%
Europe Norway
75%
Africa Kenya
68%
Africa Libya
68%
Europe/Asia Cyprus
62%
Europe Vatican City
62%
Africa Egypt
55%
Asia Malaysia
54%
Asia Myanmar
51%
Africa Seychelles
49%
Asia Syria
48%
Africa Ivory Coast
40%
No matching quizzes found
Score Distribution
Percent of People with Each Score
Percentile by Number Answered
Your Score History
You have not taken this quiz since the last reset